| 000 | 00519nam a2200145Ia 4500 | ||
|---|---|---|---|
| 008 | 100122s9999 xx 000 0 und d | ||
| 082 |
_b28448 _a81 |
||
| 100 | _aवाघ रविंद्र | ||
| 245 | _aबहुजन सुखाय बहुजन हिताय | ||
| 260 |
_bरविंद्र वाघ _c1976 |
||
| 300 | _a148 | ||
| 630 | _aबहुजन सुखाय बहुजन हिताय | ||
| 730 | _aबहुजन सुखाय बहुजन हिताय | ||
| 942 | _cBOOK | ||
| 999 |
_c414078 _d414075 |
||